The displaced-persons problem, (Record no. 89977)

MARC details
000 -LEADER
fixed length control field 01027cam a22002891 4500
001 - CONTROL NUMBER
control field sd 47000048
003 - CONTROL NUMBER IDENTIFIER
control field DLC
005 - DATE AND TIME OF LATEST TRANSACTION
control field 20260227112735.0
008 - FIXED-LENGTH DATA ELEMENTS--GENERAL INFORMATION
fixed length control field 880315r19471947dcu f000 0 eng c
010 ## - LIBRARY OF CONGRESS CONTROL NUMBER
LC control number sd 47000048
035 ## - SYSTEM CONTROL NUMBER
System control number (OCoLC)17628301
040 ## - CATALOGING SOURCE
Original cataloging agency U.S. Dept. of State. Libr.
Transcribing agency MsU
Modifying agency OCoLC
-- DLC
042 ## - AUTHENTICATION CODE
Authentication code premarc
050 00 - LIBRARY OF CONGRESS CALL NUMBER
Classification number D808
Item number .U67 1947
082 ## - DEWEY DECIMAL CLASSIFICATION NUMBER
Classification number 940.53159
110 1# - MAIN ENTRY--CORPORATE NAME
Corporate name or jurisdiction name as entry element United States.
Subordinate unit Department of State.
245 14 - TITLE STATEMENT
Title The displaced-persons problem,
Remainder of title a collection of recent official statements.
260 ## - PUBLICATION, DISTRIBUTION, ETC.
Place of publication, distribution, etc. [Washington,
Name of publisher, distributor, etc. U.S. Govt. Print. Off.,
Date of publication, distribution, etc. 1947]
300 ## - PHYSICAL DESCRIPTION
Extent 25 p.
Dimensions 26 cm.
490 1# - SERIES STATEMENT
Series statement Its Publication
Volume/sequential designation 2899
490 1# - SERIES STATEMENT
Series statement European series,
Volume/sequential designation 26
500 ## - GENERAL NOTE
General note Cover-title.
500 ## - GENERAL NOTE
General note "Reprinted from the Department of State bulletin of June 15, June 29, July 13, July 20, and July 27, 1947."
650 #0 - SUBJECT ADDED ENTRY--TOPICAL TERM
Topical term or geographic name entry element World War, 1939-1945
General subdivision Refugees.
830 #0 - SERIES ADDED ENTRY--UNIFORM TITLE
Uniform title Department of State publication ;
Volume/sequential designation 2899.
810 1# - SERIES ADDED ENTRY--CORPORATE NAME
Corporate name or jurisdiction name as entry element United States.
Subordinate unit Department of State.
Title of a work European series ;
Volume/sequential designation 26.

No items available.

Powered by Koha